European Union by picture - Statistics

General Stats
  • This quiz has been taken 32 times
  • The average score is 11 of 16
Answer Stats
Picture Answer % Correct
France
100%
Denmark
93%
Greece
86%
Poland
83%
Slovenia
83%
Finland
79%
Malta
66%
Spain
66%
Portugal
59%
the Netherlands
59%
Bulgaria
55%
Romania
55%
Czech Republic
52%
Belgium
48%
Estonia
45%
Slovakia
28%
No matching quizzes found
Score Distribution
Percent of People with Each Score
Percentile by Number Answered
Your Score History
You have not taken this quiz